LEADER 01698nam a2200301 i 4500 001 000000244835 003 CaOOAMICUS 005 20240521143430.0 008 150819s1793 it u000 u ita u 013 $a223740 026 $aroi- l-S. t-un frta (3) 1793 (R) 040 $aSeMil$bita 100 1 $aTurchi, Adeodato .$0(OLS)http://semarc/name/5422 245 10$aOmelia dell'illustrissimo e reverendissimo monsignore fr. Adeodato Turchi ... diretta al suo popolo nel giorno di San Bernardo il quattro dicembre dell'anno 1793. In difesa della vita contemplativa. 260 $aParma :$bDalla Stamperia vescovile di Marco Rossi, e Andrea Ubaldi,$c1793. 300 $a24 p. ;$c4º. 500 $aData di stampa presunta nel titolo 500 $aSegn.: *12 500 $aStemma del Turchi xilogr. sul front. 710 2 $aStamperia reale$b.$0(OLS)http://semarc/name/3029 773 0 $aTurchi, Adeodato $t[Omelie, lettere pastorali, indulti, ecc. di monsignor Fr. Adeodato Turchi ...].$dParma : Dalla Stamperia vescovile di Marco Rossi, e Andrea Ubaldi, 1789.$w()11210 850 $aSeMil 852 $aSeMil$W1$xVenegono$y1$m3F VI 7/9 FA$j195181$B195181$CSeMilBibl$Z2$F205844 $8I 941 1 $a10 961 $aRecupero: Mantegazza 996 $6245$aOmelia dell'illustrissimo e reverendissimo monsignore fr. Adeodato Turchi ... diretta al suo popolo nel giorno di San Bernardo il quattro dicembre dell'anno 1793. In difesa della vita contemplativa$9(OLS)http://semarc/title/346645 996 $6260$aParma :$bDalla Stamperia vescovile di Marco Rossi, e Andrea Ubaldi$9(OLS)http://semarc/publisher/33086 LEADER 01065nam a2200205 i 4500 001 000000237867 003 CaOOAMICUS 005 20150113000000.0 008 150113s1750 it u000 u lat u 013 $a216772 026 $au*n- els? adr- foec (3) 1750 (R) - [*=ae] 040 $aSeMil$bita 245 10$aTomus 6. 300 $a[4], 675, [1] p. 500 $aSegn. : pgr2 A-4O4 4P6. 500 $aMarca editoriale: La Fortuna: una donna nuda sopra ad una ruota tiene con le mani una vela spiegata al vento. (O160). 773 0 $aRinaldi, Odorico <1595-1671>$tAnnales ecclesiastici ab anno 1198. ubi desinit cardinalis Baronius, auctore Odorico Raynaldo ... Accedunt in hac editione notae chronologicae, criticae, historicae, quibus Raynaldi Annales illustrantur, supplentur, emendantur, auctore Joanne Dominico Mansi ... Tomus 1. [-15.].$dBrixiae : Typis Leonardi Venturini, 1747-1756.$g6$w()31241 850 $aSeMil 852 $aSeMil$W1$xVenegono$y1$m3C VI 26 FA$j188213$B188213$CSeMilBibl$Z2$F199002 $8I 996 $6245$aTomus 6$9(OLS)http://semarc/title/308131